The Ardent Protector (Record no. 353955)

MARC details
000 -LEADER
fixed length control field 00351nam a2200145Ia 4500
008 - FIXED-LENGTH DATA ELEMENTS--GENERAL INFORMATION
fixed length control field 230719s9999 xx 000 0 und d
041 ## - LANGUAGE CODE
Language code of text/sound track or separate title eng
082 ## - DEWEY DECIMAL CLASSIFICATION NUMBER
Classification number 813
Item number DRA
100 ## - MAIN ENTRY--PERSONAL NAME
Personal name Drake B.
9 (RLIN) 203695
245 ## - TITLE STATEMENT
Title The Ardent Protector
260 ## - PUBLICATION, DISTRIBUTION, ETC. (IMPRINT)
Date of publication, distribution, etc. 1982
Name of publisher, distributor, etc. Dell Publishing Co.Inc.
300 ## - PHYSICAL DESCRIPTION
Extent 219
365 ## - TRADE PRICE
Currency code Rs.
Price amount 80.00
700 ## - ADDED ENTRY--PERSONAL NAME
Personal name Drake B.
9 (RLIN) 203695
Holdings
Withdrawn status Lost status Damaged status Not for loan Home library Current library Shelving location Date acquired Vendor Cost, normal purchase price Full call number Barcode Date last seen Cost, replacement price Bill Date Koha item type Original Barcode
        Cummins College of Engineering for Women Pune Cummins College of Engineering for Women Pune Donated Book 08/02/2012 Masurkar Enterprises 80.00 813 CCEP-DB-160 19/07/2023 80.00 19/07/2023 Books D00160